Loading...
| Science - Physics | 1 | 2 | 0 | 0 | 35 | 54 | 106.33 | 1 | 3 |
| Beliefs - Mythology | 0 | 2 | 0 | 1 | 20 | 130 | 133.50 | 2 | 2 |
| Beliefs - Religion | 0 | 2 | 0 | 0 | 20 | 103 | 107.50 | 0 | 2 |
| Thought - Social Science | 0 | 1 | 0 | 0 | 10 | 122 | 122.00 | 0 | 1 |
| Science - Biology | 0 | 1 | 0 | 0 | 10 | 115 | 115.00 | 1 | 1 |
| Thought - Philosophy | 0 | 1 | 0 | 0 | 10 | 103 | 103.00 | 1 | 1 |
| Arts - Music | 0 | 1 | 0 | 0 | 10 | 123 | 123.00 | 1 | 1 |
| History - Other History | 0 | 1 | 0 | 0 | 10 | 77 | 77.00 | 1 | 1 |
| Literature - Euro Lit | 0 | 1 | 0 | 0 | 10 | 62 | 62.00 | 0 | 1 |
| History - Euro History | 0 | 1 | 1 | 1 | 5 | 129 | 129.00 | 1 | 1 |
| Arts - Other Arts | 0 | 1 | 1 | 0 | 5 | 103 | 103.00 | 0 | 1 |
| Arts - Painting | 0 | 0 | 1 | 0 | -5 | 0.00 | 0 | 0 |